Design of prestressed concrete / (Record no. 542557)

000 -LEADER
fixed length control field 00718pam a2200205 a 4500
020 ## - INTERNATIONAL STANDARD BOOK NUMBER
International Standard Book Number 0044454023 (alk. paper)
020 ## - INTERNATIONAL STANDARD BOOK NUMBER
International Standard Book Number 0044454031 (pbk. : alk. paper)
082 00 - DEWEY DECIMAL CLASSIFICATION NUMBER
Classification number 624.183412
Author Mark GIL
100 1# - MAIN ENTRY--PERSONAL NAME
Personal name Gilbert, R. I.,
9 (RLIN) 37771
245 10 - TITLE STATEMENT
Title Design of prestressed concrete /
Statement of responsibility, etc. R.I. Gilbert & N.C. Mickleborough.
260 ## - PUBLICATION, DISTRIBUTION, ETC.
Place of publication, distribution, etc. London ;
-- Boston :
Name of publisher, distributor, etc. Unwin Hyman,
Date of publication, distribution, etc. 1990.
300 ## - PHYSICAL DESCRIPTION
Extent xxii, 504 p. :
Other physical details ill. ;
Dimensions 24 cm.
526 ## - STUDY PROGRAM INFORMATION NOTE
Program name 0
Interest level 0
Reading level 0
Title point value 624_183412000000000_GIL
650 #0 - SUBJECT ADDED ENTRY--TOPICAL TERM
Topical term or geographic name entry element NUST
9 (RLIN) 6342
650 #0 - SUBJECT ADDED ENTRY--TOPICAL TERM
Topical term or geographic name entry element Prestressed concrete construction.
9 (RLIN) 20245
650 #0 - SUBJECT ADDED ENTRY--TOPICAL TERM
Topical term or geographic name entry element Structural design.
700 1# - ADDED ENTRY--PERSONAL NAME
Personal name Mickleborough, N. C.
9 (RLIN) 37772
856 42 - ELECTRONIC LOCATION AND ACCESS
Uniform Resource Identifier <a href="http://www.loc.gov/catdir/enhancements/fy0648/89077745-d.html">http://www.loc.gov/catdir/enhancements/fy0648/89077745-d.html</a>
942 ## - ADDED ENTRY ELEMENTS (KOHA)
Source of classification or shelving scheme
Koha item type Book
Holdings
Withdrawn status Lost status Source of classification or shelving scheme Damaged status Not for loan Permanent Location Current Location Date acquired Total Checkouts Full call number Barcode Date last seen Date last checked out Price effective from Koha item type
          Military College of Engineering (MCE) Military College of Engineering (MCE) 02/03/2014 1 624.1/83412 GIL MCE-36718 07/20/2017 01/20/2015 02/03/2014 Book
© 2023 Central Library, National University of Sciences and Technology. All Rights Reserved.